Loading...
| History - World History | 0 | 6 | 0 | 0 | 60 | 64 | 81.33 | 2 | 4 |
| History - American History | 0 | 5 | 1 | 0 | 45 | 54 | 78.60 | 2 | 4 |
| Social Science | 0 | 4 | 0 | 1 | 40 | 27 | 88.25 | 2 | 2 |
| Fine Arts - Visual Fine Arts | 0 | 4 | 1 | 1 | 35 | 89 | 113.00 | 0 | 1 |
| Religion | 0 | 3 | 0 | 0 | 30 | 46 | 72.33 | 1 | 2 |
| Fine Arts - Other Fine Arts | 0 | 3 | 1 | 1 | 25 | 48 | 88.33 | 2 | 2 |
| Literature - European Literature | 0 | 2 | 0 | 1 | 20 | 134 | 137.00 | 0 | 0 |
| Geography/Current Events | 0 | 2 | 0 | 0 | 20 | 47 | 72.00 | 0 | 1 |
| Philosophy | 0 | 2 | 0 | 0 | 20 | 90 | 99.00 | 1 | 1 |
| Pop Culture | 0 | 2 | 0 | 0 | 20 | 72 | 105.00 | 0 | 1 |
| History - European History | 0 | 2 | 0 | 0 | 20 | 94 | 96.00 | 1 | 1 |
| History - Other History | 0 | 2 | 0 | 0 | 20 | 50 | 62.50 | 0 | 2 |
| Literature - British Literature | 0 | 2 | 0 | 0 | 20 | 113 | 123.50 | 0 | 0 |
| Literature - World/Other Literature | 0 | 1 | 0 | 1 | 10 | 142 | 142.00 | 0 | 0 |
| Literature - American Literature | 0 | 1 | 0 | 0 | 10 | 129 | 129.00 | 0 | 0 |
| Fine Arts - Classical Music | 0 | 1 | 0 | 0 | 10 | 92 | 92.00 | 0 | 0 |
| Mythology | 0 | 1 | 0 | 0 | 10 | 22 | 22.00 | 1 | 1 |
| Science - Physics | 0 | 1 | 0 | 1 | 10 | 125 | 125.00 | 0 | 0 |
| Science - Other Science | 0 | 1 | 1 | 0 | 5 | 93 | 93.00 | 0 | 1 |
| Science - Chemistry | 0 | 0 | 0 | 0 | 0 | 0.00 | 0 | 0 | |
| Other Academic | 0 | 0 | 0 | 0 | 0 | 0.00 | 0 | 0 | |
| Science - Biology | 0 | 0 | 2 | 0 | -10 | 0.00 | 0 | 0 |